000 02621cam a2200445 a 4500
999 _c25085
_d25085
001 16185890
005 20170130160303.0
008 100414s2010 txua bc 000 0 eng
010 _a 2010926781
015 _aGBB066965
_2bnb
016 7 _a015566049
_2Uk
020 _a9780300166118 (trade ed. : hardcover)
020 _a0300166117 (trade ed. : hardcover)
020 _a9780939594672 (museum ed. : paperback)
020 _a0939594676 (museum ed. : paperback)
035 _a(OCoLC)ocn636908011
040 _aDLC
_cSTF
_dUKM
_dBTCTA
_dERASA
_dYDXCP
_dC#P
_dBWX
_dCDX
_dUKTTE
_dGZM
_dPMC
_dUKWOH
_dFDA
_dCUK
_dUKMGB
_dMIX
_dVP@
_dDLC
042 _apcc
050 0 0 _aN6889
_b.S42A4 2010
100 1 _aSchwitters, Kurt,
_d1887-1948.
245 1 0 _aKurt Schwitters :
_bcolor and collage /
_cedited by Isabel Schulz ; contributions by Leah Dickerman ... [et al.].
260 _aHouston, Tex. :
_bMenil Collection ;
_aNew Haven, Conn. :
_bDistributed by Yale University Press,
_cc2010.
300 _a176 p. :
_bill. (chiefly col.) ;
_c30 cm.
500 _aThe Menil Collection, Houston, October 22, 2010-January 30, 2011; Princeton University Art Museum, March 26-June 26, 2011; University of California, Berkeley Art Museum and Pacific Film Archive, August 3-November 27, 2011.
504 _aIncludes bibliographical references (p. 171-174).
505 0 0 _tKurt Schwitters : color and collage /
_rIsabel Schulz --
_tSchwitters fec. /
_rLeah Dickerman --
_tKurt Schwitters's Merzbau /
_rGwendolen Webster.
520 8 _aBest known for his extraordinary abstract collages, Kurt Schwitters is one of the most influential figures of the international avant-garde. This volume emphasizes the significance of colour and light in the artist's work, as well as delving into the relationship between collage and painting.
600 1 0 _aSchwitters, Kurt,
_d1887-1948
_vExhibitions.
600 1 7 _aSchwitters, Kurt,
_d1887-1948
_vExhibitions.
_2sears
700 1 _aSchulz, Isabel.
700 1 _aDickerman, Leah,
_d1964-
710 2 _aMenil Collection (Houston, Tex.)
710 2 _aPrinceton University.
_bArt Museum.
710 2 _aBerkeley Art Museum and Pacific Film Archive.
942 _2lcc
_cBOOKS
_hN6889 .S42A4 2010